| 000 | 00660nam a2200241Ia 4500 | ||
|---|---|---|---|
| 003 | OSt | ||
| 005 | 20221005085356.0 | ||
| 006 | a|||||r|||| 00| 0 | ||
| 007 | ta | ||
| 008 | 221004b |||||||| |||| 00| 0 eng d | ||
| 024 | _a18782 | ||
| 037 |
_bGift, 04/06/2015, _cTextual |
||
| 040 |
_aCRL _cCRL _beng |
||
| 041 |
_2eng _aeng |
||
| 082 | _aO111,1M88:g, J9 | ||
| 100 | _aGardner Helen | ||
| 245 | 0 | _aArt of T S Eliot | |
| 260 |
_aNew York _bE.P. Dutton & co. USA _c1959 |
||
| 300 |
_a186p. _ccm. |
||
| 650 | _aENGLISH LITERATURE | ||
| 942 |
_hO111,1M88:g, J9 _cTEXL _2cc |
||
| 999 |
_c994135 _d994135 |
||